• 首页
  • 本馆介绍
  • 公告通知
  • 最新文献
  • 馆藏检索
  • 电子资源
  • 读者导购
  • 参考咨询
  • 我的图书馆
  • 登录
  • 详细信息显示
  • 放入我的书架
  • 预约/预借图书
  • 作者相关作品
  • 分类相关作品
  • 丛书相关作品
  • 出版社相关作品

书目信息

  • 表格格式
  • 工作单格式
  • 卡片格式
题名:
秦巴山脉区域绿色循环发展战略研究
    
 
作者: 徐德龙 著
分册:   陕西卷
出版信息: 北京   科学出版社  2019
页数: 159页
开本: 24cm
丛书名: 中国工程院重大咨询项目成果文库
单 册:
中图分类: F127 , F127.41
科图分类:
主题词: 绿色经济--区域经济发展--发展战略--研究--中国 , 绿色经济--区域经济发展--发展战略--研究--陕西
电子资源:
ISBN: 978-7-03-062577-9
000 01391nam0 2200289 450
001 2272196564
005 20220930200328.12
010    @a978-7-03-062577-9@b精装@dCNY118.00
100    @a20191213d2019 em y0chiy50 ea
101 0  @achi
102    @aCN@b110000
105    @ay z 000yy
200 1  @a秦巴山脉区域绿色循环发展战略研究@9qin ba shan mai qu yu lv se xun huan fa zhan zhan lue yan jiu@i陕西卷@f徐德龙等著
210    @a北京@c科学出版社@d2019
215    @a159页@d24cm
225 1  @a中国工程院重大咨询项目成果文库
225 1  @a秦巴山脉区域绿色循环发展战略研究丛书@h第一辑@f徐德龙主编
300    @a国家出版基金项目 “十三五”国家重点出版物出版规划项目·重大出版工程规划
330    @a本书以秦巴山脉陕西段为研究对象,系统性地提出该区域的战略性发展思路,以绿色循环发展为宗旨,从绿色交通体系、水资源保护与利用、矿产资源绿色开发利用战略、绿色工业及信息产业发展战略、绿色城乡空间建设战略、文化旅游产业绿色发展战略、农林牧药绿色循环发展战略及绿色循环政策体系八个方面综合研究,评判秦巴山脉这八个方面未来发展的方向,并最终确定秦巴山脉的发展战略及实施建议。
461  0 @12001 @a秦巴山脉区域绿色循环发展战略研究丛书
606 0  @a绿色经济@x区域经济发展@x发展战略@x研究@y中国
606 0  @a绿色经济@x区域经济发展@x发展战略@x研究@y陕西
690    @aF127@v5
690    @aF127.41@v5
701  0 @a徐德龙@9xu de long@4著
801  0 @aCN@b91MARC@c20200530
905    @aZUCC@dF127@e148:5
    
    秦巴山脉区域绿色循环发展战略研究.陕西卷/徐德龙等著.-北京:科学出版社,2019
    159页;24cm.-(中国工程院重大咨询项目成果文库).-(秦巴山脉区域绿色循环发展战略研究丛书.第一辑/徐德龙主编)
    国家出版基金项目 “十三五”国家重点出版物出版规划项目·重大出版工程规划
    
    ISBN 978-7-03-062577-9(精装):CNY118.00
    本书以秦巴山脉陕西段为研究对象,系统性地提出该区域的战略性发展思路,以绿色循环发展为宗旨,从绿色交通体系、水资源保护与利用、矿产资源绿色开发利用战略、绿色工业及信息产业发展战略、绿色城乡空间建设战略、文化旅游产业绿色发展战略、农林牧药绿色循环发展战略及绿色循环政策体系八个方面综合研究,评判秦巴山脉这八个方面未来发展的方向,并最终确定秦巴山脉的发展战略及实施建议。
●
相关链接 在五车中查询图书 在当当中查询图书 在豆瓣中查询图书


正题名:秦巴山脉区域绿色循环发展战略研究     索取号:F127/148:5         预约/预借

序号 登录号 条形码 馆藏地/架位号 状态 备注
1 2000909452   2000909452   第三书库/ [索取号:F127/148:5] 在馆    
2 2000909453   2000909453   第三书库/ [索取号:F127/148:5] 在馆    
3 2000909454   2000909454   第三书库/ [索取号:F127/148:5] 在馆    
山东省滨州职业学院图书馆 欢迎您!
大连网信软件有限公司© 版权所有